Dans quel pays se trouve ce monument célèbre ? - Statistiques

Statistiques générales
  • Ce quiz a été pris 132 fois
  • Le résultat moyen est 16 sur 18
Statistiques - réponses
Hint Réponse % Correct
Grande Muraille de Chine Chine
98%
Sagrada Família Espagne
98%
Pyramides de Gizeh Égypte
97%
Statue de la Liberté États-Unis
97%
Mont Saint Michel France
97%
Opera de Sydney Australie
96%
Colisée Italie
96%
Christ Rédempteur Brésil
94%
Taj Mahal Inde
94%
Château de Neuschwanstein Allemagne
93%
Parthénon Grèce
92%
Machu Picchu Pérou
92%
Burj Khalifa Émirats arabes unis
91%
Kremlin Russie
88%
Stonehenge Royaume-Uni
81%
Cathédrale Saint Volodymyr Ukraine
79%
Mosquée Bleue Turquie
73%
Angkor Wat Cambodge
72%
Aucun quiz correspondant
Distribution des résultats
% des personnes avec chaque résultat
Percentile par nombre de réponses
Votre historique - résultats
Vous n’avez pas pris ce quiz